000
00306nam a22001217a 4500
008
230620b xxu||||| |||| 00| 0 eng d
020
_a
3930163969
082
_a
321.8
_b
THE 1995
245
_a
Political Parties in Democarcy
260
_b
Konrad- Adenauer- Stiftung
_c
1995
300
_a
482p
942
_2
ddc
_c
BK
999
_c
1833
_d
1833